Foopets Types of Dogs Quiz Stats

 Plays Quiz not verified by Sporcle

Challenge
Share
Tweet
Embed
Score 0/30 Timer 10:00
0 Plays Today
% Correct
Pit bull
100%
Yorkie
75%
Husky
75%
Bulldog
75%
Black Lab Mix
50%
Yellow Lab Mix
50%
German Shephard
50%
Chocolate Lab Mix
50%
White Poodle Mix
50%
Pug
50%
Beagle
50%
Dalmatian
25%
Red Husky
25%
Jack Russell
25%
Golden Retriever
25%
% Correct
Miniature Pinscher
25%
Dachshund
25%
Shiba Inu
25%
Westie
0%
Rottweiler
0%
Mastiff
0%
Australian Shepherd
0%
Weimaraner
0%
Portuguese Water Dog
0%
Boxer
0%
Mini Schnauzer
0%
Jack Russell Terrier Rough Coat
0%
Great Dane
0%
Boston Terrier
0%
Chihuahua
0%

You're not logged in!

Compare scores with friends on all Sporcle quizzes.
Join for Free
OR
Log In

You Might Also Like...

Show Comments

Extras

Created Dec 8, 2011SourceReportNominate
Tags:dog

Top Quizzes Today


Score Distribution

Your Account Isn't Verified!

In order to create a playlist on Sporcle, you need to verify the email address you used during registration. Go to your Sporcle Settings to finish the process.

Report this User

Report this user for behavior that violates our Community Guidelines.

Details: